Science Quiz

Random Science or Clickable Quiz
Score 0/37 Timer 10:00
0 Plays Today
% Correct
beta thalassemia minor
50%
megaloblastic anemia
50%
anemia of chronic disease (nonhemolytic)
50%
Autoimmune hemolytic anemia IgM
50%
stored forms of iron
25%
Plummer Vinson syndrome
25%
point mutations in splice sites and promoter sequences leading to decrease in b globin synth
25%
Vitamin B12 deficiency findings
25%
intravascular hemolytic anemia
25%
Autoimmune hemolytic anemia IgG
25%
Direct Coombs test
25%
symptoms of iron deficiency anemia
0%
alpha thalassemia (--
0%
alpha thalassemia (--
0%
beta thalassemia major
0%
symptoms of beta thalassemia major
0%
inhibition of ferrochelatase and ALA dehydratase
0%
causes of sideroblastic anemia
0%
symptoms of lead poisoning
0%
% Correct
findings in sideroblastic anemia
0%
folate deficiency causes
0%
folate deficiency findings
0%
Vitamin B12 cobalamin deficiency
0%
Orotic aciduria
0%
nonmegaloblastic anemia
0%
Diamond blackfan anemia
0%
extravascular hemolytic anemia
0%
aplastic anemia
0%
what drugs and bugs can cause aplastic anemia
0%
symptoms of aplastic anemia
0%
hereditary spherocytosis
0%
G6PD deficiency
0%
Pyruvate kinase deficiency
0%
Paroxysomal nocturnal hemoglobinuria
0%
Sickle cell anemia
0%
Sickle cell anemia complications
0%
Indirect Coombs test
0%

You're not logged in!

Compare scores with friends on all Sporcle quizzes.
OR
Log In

Sporcle TV

Today on Sporcle TV


Watch our educational content, quiz creation guides, and fun videos on Sporcle TV.

Show Comments

Extras

Created Sep 14, 2019ReportNominate
Tags:Clickable Quiz

Top Quizzes Today


Score Distribution

Paid Content

Your Account Isn't Verified!

In order to create a playlist on Sporcle, you need to verify the email address you used during registration. Go to your Sporcle Settings to finish the process.

Report this User

Report this user for behavior that violates our Community Guidelines.

Details: